000 00297nam a2200097Ia 4500
005 20251222144752.0
008 251222s9999||||xx |||||||||||||| ||spa||
082 _a657/C76/14
245 0 _aParticipación del contador público en el cambio de estructuras del país: tesis y monografías
942 _cLIB
999 _c19389
_d19389